LDR 00783naa#a2200193#i#450# 001 EN\RIOR\bibl\126294 005 20260629073253.1 011 ## _a2409-6024 100 ## _a20260530b2026####ek#y0engy0150####ca 102 ## _aRU 200 1# _aTRANSFORMATION OF THE TRADING BUSINESS MODEL INTO A TRADING AND PRODUCTION MODEL AS A FACTOR IN IMPROVING THE FINANCIAL STABILITY OF THE COMPANY (EXAMPLE OF FLOUR MILLING INDUSTRY) _eJournal article 210 1# _aMoscow _cPublishing Center RIOR _d2026 215 ## _a20 с. 608 ## _aJournal article _2local 675 ## _aЭкономика. Народное хозяйство. Экономические науки. 33 _z 700 #1 _aBaranova _gAlla Yur'evna 700 #1 _aTroitskaya _gNadezhda Nikolaevna 700 #1 _aAzizova _gKarina Olegovna 856 4# _arusjm.ru _u